000 00242 a2200109 4500
001 68602
040 _cAnchieta - Itaigara
240 1 0 _aMaravilhas do Oriente
_l
245 1 0 _aMaravilhas do Oriente
650 4 _aGeografia e viagens
942 _cMX
999 _c68602
_d68602